000 00532nam a2200181 i 4500
001 100372
003 ES-MaACL
005 20230906182649.0
007 t|
008 050926s1953 sp |||| | spa d
080 _a343.533
100 1 _aMascareñas, C. E.
_9162052
245 1 4 _aLos delitos contra la propiedad industrial /
_cC. E. Mascareñas.
260 _aBarcelona :
_bJosé María Bosch,
_c1953.
300 _a207 p. ;
_c21 cm.
650 4 _aDelitos contra la propiedad industrial.
_9162055
852 _aES-MaACL
_jC-6443
999 _c100372
_d100372